Questo è tutto : i racconti del cuscino di Cordelia Kenn /

保存先:
書誌詳細
第一著者: Chambers, Aidan (著者)
その他の著者: Grilli, Giorgia (翻訳家)
フォーマット: 図書
言語:イタリア語
出版事項: Milano : Fabbri, 2007
シリーズ:Narrativa Fabbri
タグ: タグ追加
タグなし, このレコードへの初めてのタグを付けませんか!

MARC

LEADER 00000nam a22000007i 4500
001 IT\ICCU\UBO\3281812
003 ItRI
005 20260115232105.0
008 070917s2007 it |||||| ||||| |||||c
020 |a 9788845143052 
040 |b ita  |c importazione bologna sebina 
041 7 |a ita  |2 ISO-639-2 
082 |a 823.914  |9 Narrativa inglese. 1945-  |2 20 
100 1 |a Chambers, Aidan  |0 IT\ICCU\CFIV\120230  |4 aut 
240 1 0 |a This is all  |3 IT\ICCU\UBO\3281818  |9 Chambers, Aidan 
245 1 0 |a Questo è tutto :  |b i racconti del cuscino di Cordelia Kenn /  |c Aidan Chambers ; traduzione di Giorgia Grilli. 
260 |a Milano :  |b Fabbri,  |c 2007 
300 |a 1011 p. ;  |c 23 cm 
500 |a Sul front.: Racconti del cuscino = Makura no shyshi : un taccuino o insieme di taccuini tenuti in qualche posto... 
700 1 |a Grilli, Giorgia  |0 IT\ICCU\RAVV\087053  |4 trl 
830 0 |a Narrativa Fabbri  |0 IT\ICCU\UBO\1528267 
942 |2 ddc  |c BK  |n 0 
952 |0 0  |1 0  |4 0  |6 R_823_920000000000000_CHA  |7 0  |9 19851  |a BO  |b BO  |d 2026-01-15  |i 12469  |l 0  |o R 823.92 CHA  |p BO12469  |r 2026-01-15 23:21:05  |w 2026-01-15  |x [Sebina 5] [1 v.]  |y BK  |z 1 v. 
999 |c 16922  |d 16922